Актуальные проблемы биологической и химической экологии (Запись № 12456611)

Подробности
000 -МАРКЕР
контрольное поле 02996nam0a2200457 4500
001 - ИДЕНТИФИКАТОР ЗАПИСИ
контрольное поле RU\NLR\BIBL_A\012559605
005 - ИДЕНТИФИКАТОР ВЕРСИИ
контрольное поле 20210910151638.0
010 ## - МЕЖДУНАРОДНЫЙ СТАНДАРТНЫЙ НОМЕР КНИГИ (ISBN)
Номер (ISBN) 978-5-7017-3256-6
Тираж 500
021 ## - НОМЕР ГОСУДАРСТВЕННОЙ РЕГИСТРАЦИИ
Код страны Российская Федерация
Номер КН-П-21-014959
Номер Листа государственной регистраци КН-П-21-1186
035 ## - ДРУГИЕ СИСТЕМНЫЕ НОМЕРА
Идентификатор записи (NLR Aleph) 012559605
100 ## - ДАННЫЕ ОБЩЕЙ ОБРАБОТКИ
Данные общей обработки 20210707d2021 k y0rusy50 ca
101 0# - ЯЗЫК РЕСУРСА
Язык текста, звукозаписи и т.д. русский
Язык резюме английский
102 ## - СТРАНА ПУБЛИКАЦИИ ИЛИ ПРОИЗВОДСТВА
Страна публикации Российская Федерация
105 ## - ПОЛЕ КОДИРОВАННЫХ ДАННЫХ: ТЕКСТОВЫЕ МАТЕРИАЛЫ, МОНОГРАФИЧЕСКИЕ
Кодированные данные о монографическом текстовом документе ab||z|||100zy
181 #0 - ПОЛЕ КОДИРОВАННЫХ ДАННЫХ: ВИД СОДЕРЖАНИЯ
Код вида содержания (ISBD) i
Код характеристики содержания (ISBD) axxe
182 #0 - ПОЛЕ КОДИРОВАННЫХ ДАННЫХ: ТИП СРЕДСТВА
Код типа средства (ISBD) n - непосредственное
200 1# - ЗАГЛАВИЕ И СВЕДЕНИЯ ОБ ОТВЕТСТВЕННОСТИ
Основное заглавие Актуальные проблемы биологической и химической экологии
Сведения, относящиеся к заглавию материалы VII Международной научно-практической конференции (г. Москва, 18-19 февраля 2021 г.)
Первые сведения об ответственности Министерство образования Московской области, Государственное образовательное учреждение высшего образования Московской области Московский государственный областной университет [и др.]
Последующие сведения об ответственности ответственный редактор: Д.Б. Петренко - кандидат химических наук, доцент
203 ## - ВИД СОДЕРЖАНИЯ И ТИП СРЕДСТВА
Вид содержания Текст
Дополнительные сведения об издании визуальный
Тип средства непосредственный
210 ## - ПУБЛИКАЦИЯ, РАСПРОСТРАНЕНИЕ И ДР.
Место издания, распространения и т.д. Москва
Имя издателя, распространителя и т. д. Информационно-издательское управление МГОУ
Дата издания, распространения и т.д. 2021
215 ## - ФИЗИЧЕСКАЯ ХАРАКТЕРИСТИКА
Специфическое обозначение материала и объем 648, [2] с.
Другие сведения о физической характеристике ил., карт., табл.
Размеры 21
225 1# - СЕРИЯ
Основное заглавие серии Естественные науки
300 ## - ОБЩИЕ ПРИМЕЧАНИЯ
Текст примечания Рез. англ.
320 ## - ПРИМЕЧАНИЯ О НАЛИЧИИ В ДОКУМЕНТЕ БИБЛИОГРАФИИ / УКАЗАТЕЛЯ
Текст примечания Библиогр. в конце ст.
606 1# - НАИМЕНОВАНИЕ ТЕМЫ КАК ПРЕДМЕТ
Наименование темы Биотехнология
Формальный подзаголовок Съезды, совещания и т.п
Тематический подзаголовок Экологические основы
Системный номер авторитетной/нормативной записи 2284726
Идентификатор авторитетной/нормативной записи RU\NLR\AUTH\661368644
606 1# - НАИМЕНОВАНИЕ ТЕМЫ КАК ПРЕДМЕТ
Наименование темы Экология
Формальный подзаголовок Съезды, совещания и т.п
Системный номер авторитетной/нормативной записи 939347
Идентификатор авторитетной/нормативной записи RU\NLR\AUTH\6628592
606 1# - НАИМЕНОВАНИЕ ТЕМЫ КАК ПРЕДМЕТ
Наименование темы Естественно-научное образование
Формальный подзаголовок Съезды, совещания и т.п
Системный номер авторитетной/нормативной записи 2549924
Идентификатор авторитетной/нормативной записи RU\NLR\auth\661508963
606 1# - НАИМЕНОВАНИЕ ТЕМЫ КАК ПРЕДМЕТ
Наименование темы Окружающая среда
Формальный подзаголовок Съезды, совещания и т.п
Тематический подзаголовок Охрана
-- Химические исследования
Системный номер авторитетной/нормативной записи 2263883
Идентификатор авторитетной/нормативной записи RU\NLR\AUTH\661357211
686 1# - ИНДЕКСЫ ДРУГИХ КЛАССИФИКАЦИЙ
Индекс Е081.2я431(0)
686 1# - ИНДЕКСЫ ДРУГИХ КЛАССИФИКАЦИЙ
Индекс Е081я431(0)
686 1# - ИНДЕКСЫ ДРУГИХ КЛАССИФИКАЦИЙ
Индекс Ч458.1я431
686 1# - ИНДЕКСЫ ДРУГИХ КЛАССИФИКАЦИЙ
Индекс Н932я431(0)
686 1# - ИНДЕКСЫ ДРУГИХ КЛАССИФИКАЦИЙ
Индекс Л67я431(0)
702 #1 - ИМЯ ЛИЦА - ВТОРИЧНАЯ ОТВЕТСТВЕННОСТЬ
Начальный элемент ввода Петренко
Часть имени, кроме начального элемента ввода Д. Б.
Код отношения Редактор
711 12 - НАИМЕНОВАНИЕ ОРГАНИЗАЦИИ - АЛЬТЕРНАТИВНАЯ ОТВЕТСТВЕННОСТЬ
Начальный элемент ввода "Актуальные проблемы биологической и химической экологии", международная научно-практическая конференция
Порядковый номер временной организации и / или порядковый номер ее части 7
Место проведения временной организации Москва
Дата проведения временной организации 2021
Системный номер авторитетной/нормативной записи 758496
Идентификатор авторитетной/нормативной записи RU\NLR\AUTH\880546764
712 02 - НАИМЕНОВАНИЕ ОРГАНИЗАЦИИ - ВТОРИЧНАЯ ОТВЕТСТВЕННОСТЬ
Код отношения Издающая организация
Начальный элемент ввода Московский государственный областной университет
Системный номер авторитетной/нормативной записи 584469
Идентификатор авторитетной/нормативной записи RU\NLR\AUTH\8810042517
942 ## - ДОПОЛНИТЕЛЬНЫЕ ЭЛЕМЕНТЫ ЗАПИСИ (АБИС)
Тип экземпляра АБИС Книга
980 ## - КОЛЛЕКЦИЯ
Название коллекции Национальная библиография
Экземпляры
Тип экземпляра Дата поступления Источник поступления Библиотека постоянного хранения Библиотека текущего хранения Место хранения Шифр хранения Штрих-код Статус экземпляра
Книга 07.07.2021 Обязательный экземпляр РНБ (Московский) РНБ (Московский) Русский книжный фонд: издания с 1957 года 2021-3/15703 1-3436015  
Книга 07.07.2021 Обязательный экземпляр РНБ (Московский) РНБ (Московский) Русский книжный фонд: издания с 1957 года 2021-3/15703 1-3436016